000 00249nam a2200109Ia 4500
008 220204s9999 xx 000 0 und d
082 _a82-7
_bCOK
100 _aCoker, Paul
245 0 _aMad pet book
260 _aNew York
_bWarner
_c1983
942 _cBK
999 _c37451
_d37451